Chelsea fc quiz - Statistics

General Stats
  • This quiz has been taken 334 times
  • The average score is 7 of 13
Answer Stats
Question Answer % Correct
Which year did Chelsea win their first champions league trophy? 2012
86%
Who is Chelsea's all-time leading scorer? Frank Lampard
86%
How many times has Chelsea won the premier league to date? 5
77%
What number did Eden Hazard wear when he first joined Chelsea? 17
73%
Gary Cahill left the club in 2018, to join which club? Crytsal Palace
68%
Chelsea's mascot is a lion, what is his name? Stamford
68%
What nickname have he Chelsea fans given Caesar Azpilicueta? Dave
59%
How old was Petr Cech when he retired? and who did he play for at the time? 37, Arsenal
55%
Which team did Mason Mount first play on loan at? Vitesse
50%
Chelsea won their first league title in which year? 1955
32%
Who holds the record for the most consecutive premier league appearances? Frank Lamprd
27%
Which wealthy English businessman founded Chelsea fc? Henry Augustus Mears
23%
How much did Chelsea pay for Mateo Kovacic? £20 million
9%
No matching quizzes found
Score Distribution
Percent of People with Each Score
Percentile by Number Answered
Your Score History
You have not taken this quiz